Aston Villa - Tous les joueurs de 2010 à 2025 - Statistiques

Statistiques générales
  • Ce quiz a été pris 82 fois
    18 depuis la dernière actualisation
  • Le résultat moyen est 31 sur 209
Statistiques - réponses
Saisons Nationalité Joueur Nombre
De Matchs
Poste % Correct
2020 - 2025 Argentine EmilianoMartinez 212 G
82%
2018 - Ecosse JohnMcGinn 285 M
82%
2021 - France LucasDigne 141 D
82%
2020 - Angleterre OllieWatkins 223 A
82%
2022 - France BoubacarKamara 97 M
76%
2019 - Angleterre EzriKonsa 238 D
76%
2020 - Pologne MattyCash 180 D
71%
2023 - Angleterre MorganRogers 70 M/A
71%
2024 - Belgique AmadouOnana 34 M
65%
2021 - 2025 Jamaique LeonBailey 144 A
65%
2024 - 2025 Angleterre MarcusRashford 17 A
65%
2013 - 2021 Angleterre JackGrealish 213 A
59%
2018 - Angleterre TyroneMings 187 D
59%
2023 - Belgique YouriTielemans 99 M
59%
2019 - 2024 Brésil DouglasLuiz 204 M
53%
2021 - 2024 Brésil PhilippeCoutinho 43 M
53%
2021 - 2022 Angleterre AaronRamsey 1 M
47%
2021 - Argentine EmilianoBuendia 97 M
47%
2018 - 2025 Angleterre JacobRamsey 167 M
47%
2024 - 2025 Espagne MarcoAsensio 21 M
47%
2023 - Espagne PauTorres 73 D
47%
2015 - 2016 Espagne AdamaTraoré 12 A
41%
2020 - 2024 BurkinaFaso BertrandTraoré 62 A
41%
2010 - 20132014 - 2015 Angleterre DarrenBent 72 A
41%
2023 - 2024 France MoussaDiaby 54 A
41%
2018 - 2019 Angleterre TammyAbraham 40 A
41%
2012 - 2015 Belgique ChristianBenteke 101 A
35%
2024 - Pays - Bas DonyellMalen 17 A
35%
2024 - Pays - Bas IanMaatsen 45 D
35%
2019 - 2022 Egypte MahmoudTrezeguet 64 A
35%
2021 - 2025 Suède RobinOlsen 22 G
35%
2024 - 2025 France AxelDisasi 10 D
29%
2022 - 2025 Brésil DiegoCarlos 58 D
29%
2015 - 2016 Sénégal IdrissaGueye 38 M
29%
2005 - 20062008 - 2011 Angleterre JamesMilner 126 M
29%
2014 - 2015 Angleterre JoeCole 16 M/A
29%
2022 - 2025 Colombie John Duran 78 A
29%
2017 - 2018 Angleterre JohnTerry 36 D
29%
2015 - 2017 Ghana JordanAyew 58 A
29%
2020 - 2023 France MorganSanson 23 M
29%
2019 - 2020 Tanzanie AllySamatta 16 A
24%
2006 - 20112021 - 2023 Angleterre AshleyYoung 247 D/M
24%
2008 - 2016 Etats - Unis Brad Guzan 171 G
24%
2020 - 2021 Angleterre BradYoung 1 A
24%
2019 - 2021 France FredericGuilbert 32 D
24%
2008 - 2011 Angleterre LukeYoung 89 D
24%
2018 - 2020 Norvège OrjanNyland 36 G
24%
2014 - 2016 Colombie CarlosSanchez 56 M
18%
2009 - 2016 Irlande CiaranClark 159 D
18%
2023 - 2024 France ClémentLenglet 25 D
18%
2021 - 2023 Angleterre DannyIngs 52 A
18%
2005 - 2018 Angleterre GabrielAgbonlahor 391 A
18%
2020 - 2021 Angleterre JakeWalker 1 D
18%
2006 - 2011 Norvège JohnCarew 131 A
18%
2015 - 2017 France JordanAmavi 48 D
18%
2015 - 2016 France JordanVeretout 29 M
18%
2018 - 20222023 - 2025 Angleterre KortneyHause 55 D
18%
2010 - 2011 Angleterre KyleWalker 18 D
18%
2020 - 20222023 - Angleterre LamareBogarde 17 D
18%
2013 - 2017 Curacao LeandroBacuna 131 D/M
18%
2015 - 2017 Angleterre MicahRichards 31 D
18%
2017 - 2018 Pays DeGalles MitchClark 1 D
18%
2020 - 20212024 - Angleterre RossBarkley 53 M
18%
2011 - 20132014 - 2015 Irlande ShayGiven 53 G
18%
2010 - 2013 Irlande StephenIreland 58 M
18%
2006 - 2012 Bulgarie StiliyanPetrov 219 M
18%
2017 - 2021 Egypte Ahmed El Mohamady 129 D
12%
2011 - 20122014 - 2019 Ecosse AlanHutton 202 D
12%
2022 - 2024 Espagne AlexMoreno 48 D
12%
2010 - 2015 Autriche AndreasWeimann 129 M
12%
2024 - Espagne AndresGarcia 10 D
12%
2018 - 2022 Pays - Bas AnwarEl Ghazi 118 A
12%
2008 - 2011 Etats - Unis BradFriedel 131 G
12%
2021 - 2022 Angleterre CalebChukwuemeka 1 A
12%
2014 - 2016 Espagne CarlesGil 34 M
12%
2020 - 2022 Angleterre Carney Chukwuemeka 16 M
12%
2017 - 2021 Irlande ConorHourihane 151 M
12%
2016 - 2018 Angleterre Corey Blackett-Taylor 2 A
12%
2007 - 2011 SierraLeone CurtisDavies 68 D
12%
2012 - 2013 Irlande DerrickWilliams 1 D
12%
2016 - 2020 Pays DeGalles JamesChester 126 D
12%
2016 - 2020 CoteD'Ivoire Jonathan Kodjia 106 A
12%
2024 - 2025 Serbie KostaNedeljkovic 10 D
12%
2022 - 2024 Belgique LeanderDendoncker 36 D/M
12%
2020 - 2021 Angleterre LouieBarry 1 A
12%
2019 - 2023 Zimbabwe MarvelousNakamba 68 M
12%
2016 - 2019 Australie MileJedinak 80 M
12%
2016 - 2021 Pays DeGalles NeilTaylor 103 D
12%
2023 - 2024 Italie NicoloZaniolo 39 M
12%
2011 - 2012 Irlande RobbieKeane 7 A
12%
2013 - 2014 Angleterre RyanBertrand 16 D
12%
2018 - 2019 Angleterre TomCarroll 2 M
12%
2019 - 2021 Angleterre TomHeaton 20 G
12%
2019 - 2021 Brésil Wesley 26 A
12%
2024 - Ecosse AidanBorland 1 M
6%
2016 - 2019 Ghana AlbertAdomah 125 A
6%
2013 - 2014 Bulgarie Aleksandar Tonev 20 A
6%
2014 - 2017 France AlyCissokho 58 D
6%
2018 - 2019 Portugal AndreMoreira 2 G
6%
2013 - 2014 Espagne AntonioLuna 18 D
6%
2012 - 2017 Angleterre AshleyWestwood 162 M
6%
2017 - 2019 Islande Birkir Bjarnason 54 M
6%
2019 - 2021 Belgique BjornEngels 19 D
6%
2021 - 2024 Angleterre CalumChambers 36 D
6%
2017 - 2018 Congo ChristopherSamba 14 D
6%
2019 - 2020 Angleterre DannyDrinkwater 4 M
6%
2008 - 2012 Angleterre EmileHeskey 110 A
6%
2009 - 2015 Angleterre FabianDelph 134 M
6%
2017 - 2019 Irlande GlennWhelan 73 M
6%
2012 - 2013 Irlande GrahamBurke 2 A
6%
2019 - 2020 Etats - Unis IndianaVassilev 6 M
6%
2020 - 20222024 - 2025 Angleterre JadenPhilogene 21 A
6%
2024 - Angleterre JamaldeenJimoh - Aloba 3 M
6%
2016 - 2019 Angleterre JamesBree 28 D
6%
2022 - 2023 Pologne JanBednarek 4 D
6%
2013 - 20152017 - 2022 Angleterre JedSteer 36 G
6%
2024 - 2025 Australie JoeGauci 2 G
6%
2013 - 2016 Danemark JoresOkore 47 D
6%
2019 - 2020 Espagne JotaPeleteiro 16 A
6%
2012 - 2014 Maroc KarimEl Ahmadi 56 M
6%
2014 - 2016 Angleterre KieranRichardson 41 D
6%
2017 - 2018 Jamaique LewisGrabban 18 A
6%
2013 - 2017 RépubliqueTchèque LiborKozak 22 A
6%
2018 - 2019 Croatie LovreKalinic 8 G
6%
2022 - 2023 Suède LudwigAugustinsson 5 D
6%
2020 - 2021 Angleterre LungoBridge 1 D
6%
2008 - 2014 Angleterre MarcAlbrighton 102 M
6%
2015 - 2019 Angleterre MarkBunn 21 G
6%
2019 - 2022 Angleterre MattTargett 89 D
6%
2012 - 2015 Angleterre MatthewLowton 82 D
6%
2010 - 2011 Etats - Unis MichaelBradley 4 M
6%
2010 - 20152016 - 2017 Angleterre NathanBaker 123 D
6%
2007 - 2011 Angleterre NigelReo - Coker 124 M
6%
2019 - 2020 Espagne PepeReina 12 G
6%
2014 - 2015 Suisse PhilippeSenderos 9 D
6%
2016 - 2017 Italie PierluigiGollini 20 G
6%
2009 - 2013 Irlande RichardDunne 111 D
6%
2016 - 2018 Belgique RitchieDe Laet 14 D
6%
2010 - 2011 France RobertPirès 12 M/A
6%
2017 - 2018 Ecosse RobertSnodgrass 43 A
6%
2012 - 2015 Pays - Bas RonVlaar 88 D
6%
2016 - 2018 Angleterre SamJohnstone 70 G
6%
2014 - 2016 Angleterre ScottSinclair 45 A
6%
2020 - 20212024 - 2025 Pays - Bas SilSwinkels 2 D
6%
2009 - 2011 Angleterre StewartDowning 79 M
6%
2014 - 2015 Angleterre TomCleverley 37 M
6%
2016 - 2019 Pays DeGalles TommyElphick 46 D
6%
2024 - Angleterre TravisPatterson 1 D
6%
2018 - 2019 RépubliqueDémocratique Du Congo YannickBolasie 21 A
6%
2016 - 2017 RépubliqueDémocratique Du Congo AaronTshibola 10 M
0%
2020 - 2021 Hongrie AkosOnodi 1 G
0%
2015 - 2019 Angleterre AndreGreen 48 A
0%
2020 - 2021 Angleterre Arjan Raikhy 1 M
0%
2017 - 20192021 - 2022 RépubliqueDémocratique Du Congo AxelTuanzebe 49 D
0%
2008 - 20092010 - 2013 Ecosse BarryBannan 82 M
0%
2024 - Angleterre BenBroggio 1 A
0%
2020 - 2021 Angleterre BenChrisene 1 D
0%
2019 - 2020 Espagne BorjaBaston 2 A
0%
2012 - 2013 Australie BrettHolman 29 M
0%
2017 - 2019 Angleterre Callum O'Hare 9 M
0%
2013 - 2014 Irlande CallumRobinson 5 A
0%
2020 - 2021 Angleterre CallumRowe 1 D
0%
2019 - 2023 Angleterre CameronArcher 14 A
0%
2008 - 2012 Espagne CarlosCuellar 121 D
0%
2011 - 2016 France CharlesN'Zogbia 93 M/A
0%
2010 - 2014 Australie ChrisHerd 42 M
0%
2020 - 2021 Angleterre DominicRevan 1 D
0%
2017 - 2018 Pakistan Easah Suliman 1 D
0%
2012 - 2013 Irlande EndaStevens 9 D
0%
2010 - 2013 Etats - Unis EricLichaj 42 D
0%
2023 - 2024 Angleterre FilipMarschall 1 G
0%
2023 - 2024 Angleterre FinleyMunroe 2 D
0%
2011 - 20132016 - 2017 Angleterre GaryGardner 46 M
0%
2013 - 2014 Angleterre GrantHolt 10 A
0%
2009 - 2012 Sénégal HabibBeye 18 D
0%
2020 - 2021 Angleterre HarrisonSohna 1 M
0%
2020 - 2021 Angleterre HaydenLindley 2 M
0%
2017 - 2021 Angleterre HenryLansbury 53 M
0%
2006 - 2011 Angleterre IsaiahOsbourne 30 M
0%
2017 - 2019 Irlande Jake Doyle-Hayes 3 M
0%
2009 - 2012 Pays DeGalles JamesCollins 108 D
0%
2010 - 2011 Cameroun JeanMakoun 8 M
0%
2011 - 2012 Angleterre JermaineJenas 3 M
0%
2012 - 2014 Angleterre JoeBennett 38 D
0%
2015 - 2016 Angleterre JoleonLescott 31 D
0%
2010 - 2011 Angleterre JonathanHogg 7 M
0%
2012 - 2014 Angleterre JordanBowery 22 A
0%
2015 - 2018 Australie JordanLyden 8 M
0%
2015 - 2016 Espagne JoseCrespo 2 D
0%
2017 - 2018 Angleterre JoshOnomah 37 M
0%
2020 - 20212023 - 2024 Angleterre Kaine Kesler-Hayden 5 D
0%
2016 - 2022 Angleterre KeinanDavis 86 A
0%
2015 - 2016 Irlande KevinToner 4 D
0%
2020 - 2021 Espagne MamadouSylla 1 M
0%
2008 - 2013 Angleterre NathanDelfouneso 52 A
0%
2013 - 2014 Danemark NicklasHelenius 6 A
0%
2023 - 2024 Angleterre OmariKellyman 6 M
0%
2016 - 2017 Ecosse RossMcCormack 24 A
0%
2015 - 2017 Bénin RudyGestede 55 A
0%
2014 - 2019 Angleterre Rushian Hepburn-Murphy 17 A
0%
2011 - 2012 Irlande Samir Carruthers 3 M
0%
2016 - 2019 Irlande ScottHogan 61 A
0%
2012 - 2013 Jamaique SimonDawkins 4 A
0%
2009 - 2012 Angleterre StephenWarnock 101 D
0%
2008 - 2011 Angleterre SteveSidwell 64 M
0%
2020 - 2021 Angleterre TeddyRowe 1 M
0%
2021 - 2024 Angleterre TimIroegbunam 19 M
0%
2023 - 2024 Angleterre TommiO'Reilly 1 M
0%
2012 - 2014 Mali YacoubaSylla 24 M
0%
Aucun quiz correspondant
Distribution des résultats
% des personnes avec chaque résultat
Percentile par nombre de réponses
Votre historique - résultats
Vous n’avez pas pris ce quiz depuis la dernière actualisation